CounterExamples : from elementary calculus to the beginnings of analysis

Αποθηκεύτηκε σε:
Λεπτομέρειες βιβλιογραφικής εγγραφής
Κύριοι συγγραφείς: Bourchtein, Andrei (Συγγραφέας), Bourchtein, Ludmila (Συγγραφέας)
Μορφή: Βιβλίο
Γλώσσα:English
Δημοσίευση: Boca Raton : CRC Press, c2015.
Σειρά:Textbooks in mathematics
Θέματα:
Ετικέτες: Προσθήκη ετικέτας
Δεν υπάρχουν, Καταχωρήστε ετικέτα πρώτοι!

MARC

LEADER 00000nam a2200000 a 4500
001 1/107667
008 150724t2015####flu| ||| |||| ||eng||
020 |a 9781482246674   |q (σκληρό εξώφυλλο)  
040 |a GR-MyUa  |b gre  |c GR-MyUa  |e AACR2 
041 0 |a eng 
082 7 |a 515   |2 (23)  
100 1 |a Bourchtein, Andrei,  |e aut 
245 0 0 |a CounterExamples :   |b from elementary calculus to the beginnings of analysis /   |c Andrei Bourchtein and Ludmila Bourchtein.  
260 |a Boca Raton :   |b CRC Press,   |c c2015.  
300 |a xxix, 331 σ. :   |b διαγρ. ;   |c 24 εκ.  
490 1 |a Textbooks in mathematics  
504 |a Βιβλιογραφία : σ.323. 
504 |a Ευρετήριο : σ.327-331.  
650 0 |a Functional analysis 
650 0 |a Calculus. 
700 1 |a Bourchtein, Ludmila,  |e aut 
830 0 |a Textbooks in mathematics 
852 |a INST  |b CHIOS  |e 20150724  |h 515 BOU  |p 005200037418  |q 005200037418  |t BK  |y 0 
922 |a 2ΕΛΗ  |b 201504  |c ΤΑΚ/ΤΜΟΔ  |d ΔΡΕΣ 
970 |a Σπέντζα  |b Ελένη  |z 24-07-2015